[Event "Wch U12 Girls"]
[Site "Batumi"]
[Date "2022.09.26"]
[Round "10"]
[White "Belaya, Liliya"]
[Black "Alfano, Emilie"]
[Result "1-0"]
[WhiteElo "1266"]
[BlackElo "1712"]
[PlyCount "105"]
[EventDate "2022.09.16"]
[EventType "swiss"]
[EventRounds "11"]
[EventCountry "GEO"]
[SourceTitle "EXT 2023"]
[Source "ChessBase"]
[SourceDate "2022.10.05"]
[SourceVersion "1"]
[SourceVersionDate "2022.10.05"]
[SourceQuality "1"]

1. e4 e5 2. Nf3 Nc6 3. Nc3 Nf6 4. d4 exd4 5. Nxd4 Bb4 6. Nxc6 bxc6 7. Bd3 d5 8. exd5 cxd5 9. 0-0 0-0 10. Bg5 c6 11. Qf3 Bd6 12. Rae1 Rb8 13. Na4 Be6 14. b3 Re8 15. h3 h6 16. Bh4 a5 17. Bg3 c5 18. Bf5 Bxg3 19. Bxe6 Bc7 20. Bf5 Qd6 21. g3 g6 22. Bd3 Nd7 23. Nc3 d4 24. Rxe8+ Rxe8 25. Nb5 Qb6 26. Bc4 Ne5 27. Qe4 Rb8 28. Nxc7 Qxc7 29. Bd5 Qd6 30. f4 Nd7 31. Kh2 Kg7 32. Bc4 Rd8 33. Re1 Nf6 34. Qf3 Nd7 35. c3 Nb6 36. Qd3 dxc3 37. Qxc3+ Qd4 38. Qxd4+ Rxd4 39. Ba6 a4 40. Re2 a3 41. Kg2 Nd5 42. Bc4 Nb4 43. Kf3 Kf6 44. g4 Rd1 45. h4 Ra1 46. g5+ hxg5 47. hxg5+ Kg7 48. Re7 Rxa2 49. Rxf7+ Kh8 50. f5 gxf5 51. g6 Rh2 52. Ra7 Rh3+ 53. Kg2 1-0

[Event "Wch U12 Girls"]
[Site "Batumi"]
[Date "2022.09.23"]
[Round "7"]
[White "Misheel, Bold"]
[Black "Belaya, Liliya"]
[Result "0-1"]
[WhiteElo "1593"]
[BlackElo "1266"]
[PlyCount "56"]
[EventDate "2022.09.16"]
[EventType "swiss"]
[EventRounds "11"]
[EventCountry "GEO"]
[SourceTitle "EXT 2023"]
[Source "ChessBase"]
[SourceDate "2022.10.05"]
[SourceVersion "1"]
[SourceVersionDate "2022.10.05"]
[SourceQuality "1"]

1. e4 e5 2. Nf3 Nc6 3. Bc4 Nf6 4. d3 Bc5 5. c3 d6 6. h3 0-0 7. 0-0 h6 8. Bb3 a5 9. Bc2 Re8 10. Re1 d5 11. exd5 Qxd5 12. Bb3 Qd6 13. Be3 Bxe3 14. Rxe3 Nd5 15. Re1 Nf4 16. d4 Qg6 17. g3 Nxh3+ 18. Kg2 Bg4 19. Qc2 Bxf3+ 20. Kxf3 Ng5+ 21. Kg2 Qh5 22. Nd2 Qh3+ 23. Kg1 exd4 24. Ba4 Ne5 25. Qd1 Ng4 26. Ne4 Nxe4 27. Qc2 Qh2+ 28. Kf1 Nxg3+ 0-1

[Event "Wch U12 Girls"]
[Site "Batumi"]
[Date "2022.09.21"]
[Round "6"]
[White "Belaya, Liliya"]
[Black "Hariharan, Shambavi"]
[Result "0-1"]
[WhiteElo "1266"]
[BlackElo "1465"]
[PlyCount "104"]
[EventDate "2022.09.16"]
[EventType "swiss"]
[EventRounds "11"]
[EventCountry "GEO"]
[SourceTitle "EXT 2023"]
[Source "ChessBase"]
[SourceDate "2022.10.05"]
[SourceVersion "1"]
[SourceVersionDate "2022.10.05"]
[SourceQuality "1"]

1. e4 c6 2. d4 d5 3. Nc3 dxe4 4. Nxe4 Bf5 5. Ng3 Bg6 6. Nf3 Nd7 7. Bd3 e6 8. 0-0 Ngf6 9. Re1 Bd6 10. Nf5 Bxf5 11. Bxf5 0-0 12. Bd3 c5 13. c3 Qc7 14. h3 Rfe8 15. Bd2 Rad8 16. Rc1 Qb6 17. Qc2 Qc7 18. b3 a6 19. a4 Rc8 20. Qb1 Qb6 21. Ng5 g6 22. Nf3 cxd4 23. cxd4 Nd5 24. Bc4 N7f6 25. Re2 Qa7 26. Rce1 Qb8 27. Ng5 b5 28. axb5 axb5 29. Bd3 Bf4 30. Ne4 Nxe4 31. Bxe4 Bxd2 32. Rxd2 Qf4 33. Rc2 Nc3 34. Rxc3 Rxc3 35. g3 Qf6 36. Qd1 Rd8 37. d5 exd5 38. Bxd5 Kg7 39. Re4 Qg5 40. Qd4+ Qf6 41. Qd2 Rc5 42. Rd4 Qd6 43. Qb2 f6 44. Qe2 Rxd5 45. Rxd5 Qxd5 46. Qe7+ Kg8 47. Qxf6 Rf8 48. Qc3 Qf3 49. Qc2 Rd8 50. Kh2 Rd1 51. Qc8+ Kg7 52. Qc7+ Kh6 0-1